| 000 | 00954 a2200217 4500 | ||
|---|---|---|---|
| 005 | 20180518124852.0 | ||
| 010 | _aHIN-78942 | ||
| 020 |
_a8188118885 _c80.00 |
||
| 035 | _aHN-51288 | ||
| 037 | _bD. B. Act. / pub | ||
| 082 | _a821 | ||
| 245 |
_aक्रान्तिकारियों के गीत _cसंपादक चन्द्रिका प्रसाद शर्मा |
||
| 246 | _aKrantikarion ke geet | ||
| 260 |
_aदिल्ली _bआर्य प्रकाशन मंडल _c2006 |
||
| 270 |
_a1X/221, सरस्नती भंडार .गांधी नगर _e110031 _bदिल्ली |
||
| 300 |
_a123पृ _c22 सेमी (सजिल्द) |
||
| 650 | _aकविताएँ | ||
| 650 | _aPoems | ||
| 700 | _aशर्मा, चन्द्रिका प्रसाद | ||
| 942 |
_adpl _cHN _k821 /क्रान्तिका _2ddc _h821 _mक्रान्तिका |
||
| 999 |
_c1038 _d1038 |
||